| 000 | 00908cam a22002534a 4500 | ||
|---|---|---|---|
| 999 |
_c8236 _d8236 |
||
| 003 | OSt | ||
| 005 | 20201007103110.0 | ||
| 008 | 051103s2006 enkab b 001 0 eng | ||
| 010 | _a 2005032079 | ||
| 020 |
_a9781844071883 _c(pbk.) |
||
| 082 | 0 | 0 |
_a307.74 _222 |
| 245 | 0 | 4 |
_aThe peri-urban interface : _bapproaches to sustainable natural and human resource use / _cedited by Duncan McGregor, David Simon and Donald Thompson. |
| 260 |
_aLondon ; _aSterling, VA : _bEarthscan, _c2006. |
||
| 300 |
_axxiii, 336 p. : _bill., maps ; _c25 cm. |
||
| 504 | _aIncludes bibliographical references and index. | ||
| 650 | 0 | _aSustainable development. | |
| 650 | 0 | _aUrbanization. | |
| 650 | 0 | _aLand use. | |
| 700 | 1 | _aMcGregor, Duncan F. M. | |
| 700 | 1 |
_aSimon, David, _d1957- |
|
| 700 | 1 | _aThompson, Donald A. | |
| 856 | 4 | 1 |
_3Table of contents only _uhttp://www.loc.gov/catdir/toc/fy0612/2005032079.html |
| 942 | _2ddc | ||